书目信息 |
| 题名: |
简明环境科学词典
|
|
| 作者: | 孟浪 主编 | |
| 分册: | ||
| 出版信息: | 北京 海洋出版社 1990.1 |
|
| 页数: | 698页 | |
| 开本: | 20cm | |
| 丛书名: | ||
| 单 册: | ||
| 中图分类: | X-61 | |
| 科图分类: | ||
| 主题词: | 环境科学 , 劳动?0 , ?0 , 安全学 | |
| 电子资源: | ||
| ISBN: | ||
| 000 | 00582nam0 2200229 45 | |
| 001 | 0312221749 | |
| 005 | 20031222170903.5 | |
| 010 | @dCNY35.00 | |
| 100 | @a20031222d1990 km y0chiy0120 ea | |
| 101 | @achi | |
| 105 | @a z 000yy | |
| 200 | 1 | @a简明环境科学词典@AJian Ming Huan Jing Ke Xue Ci Dian@f孟浪主编@FMeng Lang Zhu Bian |
| 210 | @a北京@c海洋出版社@d1990.1 | |
| 215 | @a698页@d20cm | |
| 606 | 0 | @a环境科学 |
| 606 | 0 | @a劳动?0 |
| 606 | @a?0 | |
| 606 | @a安全学 | |
| 690 | @aX-61@v3 | |
| 701 | 0 | @a孟浪@4主编 |
| 801 | @aCN@bTSTCL@c20031222 | |
| 905 | @a213230@dX-61@e18 | |
| 简明环境科学词典/孟浪主编.-北京:海洋出版社,1990.1 |
| 698页;20cm |
| ISBN :CNY35.00 |
| ● |
| 相关链接 |
|
|
|
|
正题名:简明环境科学词典
索取号:X-61/18
 
预约/预借
| 序号 | 登录号 | 条形码 | 馆藏地/架位号 | 状态 | 备注 |
| 1 | 0231648 | 202451293 | 第二样本阅览室/ [索取号:X-61/18] | 在馆 |